Hurricane - Loco Loco Lyrics - Statistics

General Stats
  • This quiz has been taken 10 times
  • The average score is 147 of 271
Answer Stats
Answer % Correct
loco
100%
Loco
100%
A
75%
i
75%
I
75%
mi
75%
u
75%
biće
50%
budi
50%
budi,
50%
čoko-moko
50%
come
50%
cura
50%
da
50%
Da
50%
fina
50%
girls,
50%
Hajde,
50%
hajde,
50%
hajde
50%
ja
50%
je
50%
kao
50%
kaže
50%
Lako
50%
lažeš?
50%
ljutiš,
50%
lom,
50%
lom
50%
me
50%
mene
50%
ne
50%
Ne
50%
Nemoj
50%
obećanja
50%
on
50%
One,
50%
Osmeh
50%
pogled
50%
Ram-ba-ba-bam
50%
sa
50%
sam
50%
sam,
50%
sama
50%
se
50%
si
50%
skidaš
50%
skupi
50%
Slatka
50%
slatka
50%
ti
50%
traži
50%
tvoj
50%
two,
50%
ušla
50%
vene
50%
Zato
50%
želiš,
50%
želiš
50%
znam,
50%
znam
50%
Bebe,
25%
bebe,
25%
Bejbe,
25%
bejbe,
25%
čemu
25%
drama?
25%
Ha-ha-ha
25%
hrabrost
25%
Hurricane
25%
igram
25%
Jedna
25%
koga
25%
mnom,
25%
taj
25%
To
25%
to
25%
tvoja
25%
tvoje
25%
mana
0%
nisi
0%
što
0%
No matching quizzes found
Score Distribution
Percent of People with Each Score
Percentile by Number Answered
Your Score History
You have not taken this quiz